书目信息 |
| 题名: |
新时期人文素质教育与高校课程教学改革
|
|
| 作者: | 金晓萌 , 潘红 , 高飞 著 | |
| 分册: | ||
| 出版信息: | 长春 吉林出版集团股份有限公司 2022.08 |
|
| 页数: | 207页 | |
| 开本: | 24cm | |
| 丛书名: | ||
| 单 册: | ||
| 中图分类: | G640 , G642.3 | |
| 科图分类: | ||
| 主题词: | 高等学校--人文素质教育--研究--中国 , 高等学校--课程改革--研究--中国 | |
| 电子资源: | ||
| ISBN: | 978-7-5731-1336-8 | |
| 000 | 01085nam0 2200277 450 | |
| 001 | 012001001023 | |
| 005 | 20140201102849.0 | |
| 010 | @a978-7-5731-1336-8@dCNY42.00 | |
| 100 | @a20220905d2022 em y0chiy50 ea | |
| 101 | 0 | @achi |
| 102 | @aCN@b220000 | |
| 105 | @ay z 000yy | |
| 106 | @ar | |
| 200 | 1 | @a新时期人文素质教育与高校课程教学改革@Axin shi qi ren wen su zhi jiao yu yu gao xiao ke cheng jiao xue gai ge@f金晓萌,潘红,高飞著 |
| 210 | @a长春@c吉林出版集团股份有限公司@d2022.08 | |
| 215 | @a207页@d24cm | |
| 330 | @a本书共分十一章,主要内容包括:人文素质教育的价值与功能、新时期高校人文素质教育的指导思想和基本原则、新时期高校人文素质教育的目标与内容、我国高校人文素质教育的普遍性问题研究、高校人文基础学科课程设计等。 | |
| 606 | 0 | @a高等学校@x人文素质教育@x研究@y中国 |
| 606 | 0 | @a高等学校@x课程改革@x研究@y中国 |
| 690 | @aG640@v5 | |
| 690 | @aG642.3@v5 | |
| 701 | 0 | @a金晓萌@Ajin xiao meng@f(1986-)@4著 |
| 701 | 0 | @a潘红@Apan hong@f(1983-)@4著 |
| 701 | 0 | @a高飞@Agao fei@f(1979-)@4著 |
| 801 | 0 | @aCN@bAHXH@c20221111 |
| 905 | @b1365531-5@dG640@e2296@f5 | |
| 新时期人文素质教育与高校课程教学改革/金晓萌,潘红,高飞著.-长春:吉林出版集团股份有限公司,2022.08 |
| 207页;24cm |
| ISBN 978-7-5731-1336-8:CNY42.00 |
| 本书共分十一章,主要内容包括:人文素质教育的价值与功能、新时期高校人文素质教育的指导思想和基本原则、新时期高校人文素质教育的目标与内容、我国高校人文素质教育的普遍性问题研究、高校人文基础学科课程设计等。 |
| ● |
| 相关链接 |
|
|
|
|
正题名:新时期人文素质教育与高校课程教学改革
索取号:G640/2296
 
预约/预借
| 序号 | 登录号 | 条形码 | 馆藏地/架位号 | 状态 | 备注 |
| 1 | 1365531 | 213655310 | 第一样本阅览室/ [索取号:G640/2296] | 在馆 | |
| 2 | 1365532 | 213655329 | 教育系资料室/ [索取号:G640/2296] | 在馆 | |
| 3 | 1365533 | 213655338 | 教育系资料室/ [索取号:G640/2296] | 在馆 | |
| 4 | 1365534 | 213655347 | 第四借阅区/ [索取号:G640/2296] | 在馆 | |
| 5 | 1365535 | 213655356 | 第四借阅区/ [索取号:G640/2296] | 在馆 |